000 01301nab a2200289 4500
003 AR-RoBPED
005 20260424104812.0
008 260424b |||||||| |||| 00| 0 spa d
040 _aAR-RoBPED
041 _aspa
100 1 _aCrudo, Ivana
_930784
_eProfesora de Educación Inicial
245 1 _aEducación ambiental y arte.
_bExperiencias que dejan huella y transforman /
260 _aBuenos Aires :
_bNoveduc,
_c2024
300 _a50-54 p.
500 _aSe da cuenta de una experiencia que se realizó en el Jardín de Infantes Nucleado N° 68 "Dr. Camilo Corti" de la ciudad de Santa Fe, con un grupo de niños de cinco años. La narración muestra cómo la articulación entre la educación ambiental y el arte genera universos donde se encuentran lo natural y lo social.
650 7 _aEDUCACION AMBIENTAL
_911
650 7 _aNIÑOS
_962
650 7 _aNATURALEZA
_92064
650 7 _aOBSERVACION
_915737
650 7 _aMEDIO AMBIENTE
_9254
650 7 _aEXPERIENCIA PEDAGOGICA
_93265
650 0 _aJARDINES DE INFANTES
_927376
650 7 _aACTIVIDADES DE APRENDIZAJE
_9783
773 0 _020414
_941866
_dBuenos Aires : Noveduc, 1993-
_tNovedades Educativas
_w(AR-RoBPED)20414
_x03283534
942 _2udc
_cREV
_h37(05)
_mNov 86 N° 398 (Sept.2024)
_ak.32621
945 _amar 04/2026
999 _c32621
_d32621